[Event "XXXIII Lower Silesian Cup 2017"]
[Site "Legnica"]
[Date "2017.12.12"]
[Round "8"]
[White "Teclaf, Pawel"]
[Black "Tomczak, Mikolaj"]
[Result "1-0"]
[WhiteElo "2393"]
[BlackElo "2372"]
[Annotator "TA"]
[PlyCount "107"]
[EventDate "2017.??.??"]
[EventType "tourn"]
[EventCountry "POL"]
[SourceTitle "playchess.com"]
[Source "ChessBase"]
[SourceQuality "1"]

{[%evp 25,107,0,31,-44,-38,-62,-61,-102,-99,-105,-77,-122,-86,-125,-134,-150,-114,-110,-104,-121,-118,-122,-115,-116,-87,-69,-70,-63,-43,-69,-66,-79,-70,-70,-75,-86,-57,-69,-71,-79,-77,-95,-87,-108,-108,-108,-18,-43,-8,-8,-8,-9,-8,0,0,0,203,190,192,190,177,177,174,100,462,455,407,405,4911,136,136,136,129,30,181,176,192,185,570,562,558,552,672,462]} 1. e4 e6 2. d4 d5 3. Nd2 Nf6 4. e5 Nfd7 5. Bd3 c5 6. c3 Nc6 7. Ne2 Qb6 8. O-O cxd4 9. cxd4 Nxd4 10. Nxd4 Qxd4 11. Nf3 Qb6 12. Qa4 Be7 13. Qg4 {C06: French Tarrasch: 3...Nf6 4 e5 Nfd7 5 Bd3 main lines} g6 {LiveBook: 8 Games} 14. Rb1 ({Better is} 14. Bh6 $14) 14... Qb4 $15 15. Qh3 {Black is slightly better.} h5 16. Be3 $146 ({Predecessor:} 16. g3 Qg4 17. Qg2 h4 18. h3 Qa4 19. gxh4 Nc5 20. b3 Qxa2 {1-0 (33) Sakelsek,T (2454)-Bootello Sanchez,F Campillos 2007}) 16... Qg4 17. Qg3 Nc5 18. Bc2 Bd7 19. Rbc1 Qxg3 20. fxg3 Na6 21. a3 Nb8 22. Nd4 O-O 23. Bd3 Nc6 24. Nxc6 bxc6 25. Ba6 Rab8 26. b4 f6 27. exf6 Rxf6 28. Bf4 Rbf8 29. Rfe1 Bd8 30. Kh1 Bb6 31. Red1 R8f7 32. Bd3 Kh7 33. Ba6 {[#]} h4 $1 {[%mdl 512]} 34. Bd3 (34. gxh4 Rxf4) 34... hxg3 35. Bxg3 a5 (35... Be3 $17 36. Rc2 c5 $1 {[%mdl 512]} 37. Rxc5 Ba4) 36. Rb1 Kh6 37. Be5 $1 Rf2 38. bxa5 Bxa5 {aiming for ...c5.} 39. Bd4 Ra2 40. Rb8 $1 {[%cal Rb8h8] Strongly threatening Rh8+.} Rxa3 $2 (40... c5 $11 41. Rh8+ (41. Bxc5 e5 $15) 41... Rh7 42. Be3+ Kg7) 41. Rh8+ $18 Rh7 {...Rxh8 is the strong threat.} 42. Rg8 {White threatens Be3+ and mate.} Rxd3 43. Rxd3 e5 44. Bxe5 (44. Be3+ $18 Kh5 45. h3) 44... Bf5 $2 {[%mdl 8192] [#]} (44... Re7 $16 45. Re3 g5) 45. Bf4+ $1 Kh5 46. Rg3 Bb4 (46... Kh4 $142 47. Be3 Bc7) 47. Rb8 $2 (47. h3 $18 {is more deadly. White wants to mate with Kh2.} Be7 48. Kh2) 47... Be7 $16 48. Rb7 g5 49. Be5 (49. Bc1 $16 {Black must now prevent Re3.} g4 50. Re3) 49... Kg6 $2 (49... g4 $11 {and Black stays safe.}) 50. Rc7 $18 c5 51. Ra3 Bf8 $2 (51... Be4 {is more resistant.} 52. Raa7 Rf7) 52. Rc6+ {White is clearly winning.} Kh5 53. Rf6 Rb7 {[%cal Rb7b1]} 54. Ra1 {Precision: White = 57%, Black = 51%.} 1-0

[Event "XXXIII Lower Silesian Cup 2017"]
[Site "Legnica"]
[Date "2017.12.12"]
[Round "8"]
[White "Grela, Kacper"]
[Black "Kislinsky, Alexey"]
[Result "0-1"]
[WhiteElo "2293"]
[BlackElo "2513"]
[Annotator "TA"]
[PlyCount "58"]
[EventDate "2017.??.??"]
[EventType "tourn"]
[EventCountry "POL"]
[SourceTitle "playchess.com"]
[Source "ChessBase"]
[SourceQuality "1"]

{[%evp 11,58,20,27,33,43,20,31,36,47,8,17,12,15,5,40,-60,-79,-61,-64,-120,-106,-306,-228,-247,-258,-335,-359,-403,-351,-432,-434,-805,-786,-956,-829,-821,-777,-727,-591,-611,-606,-899,-884,-1693,-1492,-29987,-29988,-29988,-29989]} 1. e4 c5 2. c3 g6 3. d4 cxd4 4. cxd4 d5 5. e5 Nc6 6. Nc3 a6 {LiveBook: 8 Games. B22: Sicilian: 2 c3} (6... Nh6 7. Bb5 Bg7 8. Bf4 f6 9. exf6 exf6 10. h4 O-O 11. Qd2 Nf5 12. Nge2 Re8 13. O-O-O Nd6 14. h5 g5 15. Bxd6 Qxd6 {1-0 (32) Nabaty,T (2649)-Popovic,D (2515) Budapest 2017}) 7. Bf4 Bg7 8. Qd2 $146 ({Predecessor:} 8. Rc1 Nh6 9. Qd2 Nf5 10. Nf3 e6 11. Be2 Bd7 12. O-O Rc8 13. Na4 Nxe5 14. Nxe5 Bxa4 {½-½ (36) Shubin,V (2144)-Franke,H ICCF email 2012}) 8... f6 {The position is equal.} 9. Nf3 Bg4 10. exf6 Nxf6 11. Ne5 O-O 12. f3 Be6 {[%cal Bg4e6,Be6a2,Ba2d5][%mdl 32]} 13. g4 ({White should try} 13. Nxc6 $14 bxc6 14. Na4) 13... Nd7 $15 {[%cal Rg7e5]} 14. Nxc6 bxc6 15. O-O-O (15. Bg2 $15) 15... c5 $36 {[%mdl 2048] Black has strong initiative.} 16. dxc5 $2 (16. Bh6 $17 {was necessary.} Bxh6 17. Qxh6 cxd4 18. Rxd4) 16... d4 17. Ne4 Bxa2 18. b4 Bd5 19. Bh6 {[#] Black must now prevent Bxg7.} e5 20. Bxg7 Kxg7 21. Qc2 (21. Bd3 $142 a5 22. b5 Bxe4 23. Bxe4 Nxc5 24. Qe2) 21... Rxf3 $19 22. Bg2 Bxe4 23. Qxe4 Rc3+ 24. Kb2 Rb8 25. Rxd4 Rxc5 $1 26. Rhd1 exd4 27. Rxd4 Qf6 {[#] ( -> ...Rxb4+)} 28. Ka3 Rc3+ 29. Kb2 Rc4 {Precision: White = 22%, Black = 76%.} 0-1

[Event "XXXIII Lower Silesian Cup 2017"]
[Site "Legnica"]
[Date "2017.12.13"]
[Round "9"]
[White "Czarnota, Pawel"]
[Black "Teclaf, Pawel"]
[Result "1/2-1/2"]
[WhiteElo "2556"]
[BlackElo "2393"]
[Annotator "TA"]
[PlyCount "60"]
[EventDate "2017.??.??"]
[EventType "tourn"]
[EventCountry "POL"]
[SourceTitle "playchess.com"]
[Source "ChessBase"]
[SourceQuality "1"]

{[%evp 24,60,26,18,26,28,19,18,41,38,27,-11,0,0,0,-18,0,0,0,0,38,12,46,-17,-18,-25,-27,-18,0,-8,-11,-5,0,0,0,-40,-35,-38,0]} 1. Nf3 c5 2. c4 b6 3. g3 Bb7 4. Bg2 e6 5. O-O Nf6 6. Nc3 Be7 7. d4 cxd4 8. Qxd4 d6 9. Rd1 a6 10. b3 Nbd7 11. Bb2 O-O 12. h3 Qc7 13. Rac1 Rac8 {A30: Symmetrical English: Double Fianchetto and Hedgehog} 14. e4 (14. Qe3 Rfe8 15. Ng5 Bxg2 16. Kxg2 b5 17. Nce4 bxc4 18. Rxc4 Qb7 19. Rxc8 Rxc8 20. Kg1 d5 21. Nxf6+ Bxf6 22. Bxf6 Nxf6 {0-1 (64) Lafuente,P (2572)-Vescovi,G (2634) Toluca 2011}) 14... Qb8 15. Qe3 b5 {The position is equal.} 16. cxb5 axb5 17. Ba3 $146 ({Predecessor:} 17. b4 Ba8 18. Qe2 Rc4 19. Nd2 Rxb4 20. Ba3 Rd4 21. Rb1 b4 {0-1 (41) Bollmann,H (2153)-Wege,J (2258) Germany 2011}) 17... b4 18. Bxb4 Bxe4 $1 19. a3 Bb7 20. Nd4 Bxg2 21. Kxg2 Ne5 22. Ndb5 {[%cal Rb5d6]} Rfd8 23. Nxd6 (23. Qa7 $14) 23... Bxd6 $11 24. Bxd6 Rxd6 25. Qxe5 Qb7+ 26. Kh2 $132 {[%mdl 2048] White puts up resistance} Rxd1 27. Rxd1 Qxb3 ({Much worse is} 27... Qf3 28. Qd4 $16) 28. Qc7 Re8 29. Rd8 {[#] Ne4! is the strong threat.} Qxa3 30. Ne4 Rxd8 {Precision: White = 71%, Black = 43%.} (30... Qf8 $5 31. Nxf6+ gxf6 $15) 1/2-1/2

[Event "XXXIII Lower Silesian Cup 2017"]
[Site "Legnica"]
[Date "2017.12.13"]
[Round "9"]
[White "Cyborowski, Lukasz"]
[Black "Grela, Kacper"]
[Result "1/2-1/2"]
[WhiteElo "2514"]
[BlackElo "2293"]
[Annotator "TA"]
[PlyCount "62"]
[EventDate "2017.??.??"]
[EventType "tourn"]
[EventCountry "POL"]
[SourceTitle "playchess.com"]
[Source "ChessBase"]
[SourceQuality "1"]

{[%evp 9,62,24,11,0,22,33,77,56,82,64,70,67,49,58,60,46,79,76,85,36,36,36,36,36,36,33,42,40,37,37,46,41,52,49,54,44,34,33,33,0,45,0,41,29,24,8,8,16,14,0,0,0,8,0,7]} 1. d4 d5 2. Nf3 Nf6 3. c4 e6 4. g3 Bd7 (4... Bb4+ 5. Bd2 Be7 6. Bg2 O-O 7. O-O Nbd7 8. Bc3 b6 9. cxd5 Nxd5 10. e4 Nxc3 11. Nxc3 Bb7 12. Re1 Re8 13. Qc2 c6 14. Rad1 Qc7 15. e5 Rad8 {0-1 (72) Ding,L (2774)-Carlsen,M (2837) Saint Louis 2017}) 5. cxd5 exd5 6. Qb3 {E01: Katalanisch} Nc6 7. Bg2 $146 ({Vorgänger:} 7. Nc3 Bb4 8. Bg2 O-O 9. O-O Re8 10. e3 Bf5 11. a3 Bxc3 12. bxc3 {0-1 (60) Grachev,A (2065)-Stasenko,A (1874) St Petersburg 2014}) 7... Bg4 8. Nc3 {Weiß steht besser.} ({Viel schwächer wäre} 8. Qxb7 Nb4 $11) 8... Bb4 9. O-O O-O 10. Bg5 Bxc3 11. bxc3 Na5 $1 {[%cal Ra5b3]} 12. Qa4 b6 13. Ne5 Be6 14. e4 dxe4 15. Bxe4 {Und Dc2 würde nun gewinnen.} Qe8 16. Qxe8 $1 Raxe8 17. Bg2 Rc8 18. Bxf6 gxf6 19. Nd3 Bc4 20. Rfd1 Bxd3 21. Rxd3 Rfe8 22. Rf3 Kg7 23. Rf4 c5 24. Re4 Kf8 25. Rf4 Kg7 26. Bh3 Rc7 $1 27. Rd1 {Droht stark d5.} Nc4 {Die Stellung ist ausgeglichen.} 28. Rg4+ Kf8 29. Rf4 Kg7 30. Rg4+ Kf8 31. Rf4 Kg7 {Precision: Weiß = 46%, Schwarz = 66%.} 1/2-1/2

[Event "XXXIII Lower Silesian Cup 2017"]
[Site "Legnica"]
[Date "2017.12.13"]
[Round "9"]
[White "Kislinsky, Alexey"]
[Black "Kriebel, Tadeas"]
[Result "1-0"]
[WhiteElo "2513"]
[BlackElo "2515"]
[Annotator "TA"]
[PlyCount "89"]
[EventDate "2017.??.??"]
[EventType "tourn"]
[EventCountry "POL"]
[SourceTitle "playchess.com"]
[Source "ChessBase"]
[SourceQuality "1"]

{[%evp 26,89,75,65,74,63,60,53,59,0,0,0,25,14,85,78,77,78,84,91,183,190,199,186,183,196,184,174,190,165,168,157,165,126,264,249,281,235,226,223,246,236,290,287,537,525,533,422,520,498,849,806,789,772,748,741,733,694,5222,5110,1152,1673,29983,29984,29984,29985]} 1. e4 e5 2. Nf3 Nc6 3. Bc4 Nf6 4. d4 exd4 5. e5 d5 6. Bb5 Ne4 7. Nxd4 Bc5 8. Be3 Bd7 9. Bxc6 bxc6 10. Nd2 Qe7 {C56: Two Knights: 4 d4 exd4 5 0-0 Nxe4} (10... Qh4 11. O-O Bb6 12. N2b3 Qe7 13. Re1 O-O 14. f3 Nc5 15. Nxc5 Bxc5 16. Nb3 Bb6 17. Qd2 Rae8 18. a4 f6 {1-0 (49) Nakamura,H (2670)-Hebden,M (2530) Gibraltar 2008}) 11. Nxe4 dxe4 12. e6 fxe6 13. Qh5+ g6 14. Qe5 {LiveBook: 3 Games} O-O 15. O-O-O Bd6 16. Qxe4 c5 $146 ({Predecessor:} 16... e5 17. Nf3 Rab8 18. Bg5 Qe6 19. c4 Qg4 20. Qxg4 Bxg4 21. Bh6 Rf7 22. Be3 e4 23. Ng5 Re7 24. c5 Be5 25. Rd2 {½-½ (25) Letay,G (2265)-Horvath,M (2195) Hungary 1996}) 17. Nf3 (17. Nb3 $14) 17... Rab8 $11 18. Bd2 Rf5 19. Bc3 Rf4 {[#]} (19... Bc8 $11) 20. Qe3 $1 $16 {Rxd6! is the strong threat.} Rbf8 {Strongly threatening ...Rxf3!} 21. Ne5 Rxf2 {[#]} 22. g3 $1 Bb5 (22... Ba4 $16) 23. Ng4 $40 {[%cal Rg4h6][%mdl 128] White attacks with force.} R8f3 24. Qe4 Rxc3 25. Nxf2 ({Resist} 25. bxc3 $6 Re2 $16) 25... Rc4 26. Qe3 Ra4 27. a3 Bc6 28. Rhe1 e5 29. h3 {[%cal Bh2h3,Bh3g4,Bg4g5][%mdl 32]} Qf7 (29... h5 $16 {was called for.} 30. g4 Kh7) 30. Ng4 Qa2 {With the idea ...Qa1+.} 31. Qb3+ Qxb3 32. cxb3 Rxg4 33. hxg4 Bf3 34. g5 e4 $2 (34... Kf7 {was worth a try.} 35. Rd2 e4) 35. Rxd6 cxd6 {[%mdl 4096] Endgame KR-KB} 36. Kd2 Kf7 37. b4 cxb4 (37... Ke6 $142 38. bxc5 dxc5) 38. axb4 {[%cal Ba3b4,Bb4b5,Bb5b6,Bb6b7][%mdl 32]} Ke6 39. Ra1 d5 40. Rxa7 d4 41. Rxh7 Bg2 42. b5 e3+ 43. Ke2 Kd6 44. b6 Bc6 45. b7 {Precision: White = 77%, Black = 39%.} 1-0

[Event "XXXIII Lower Silesian Cup 2017"]
[Site "Legnica"]
[Date "2017.12.13"]
[Round "9"]
[White "Sieciechowicz, Marcin"]
[Black "Simacek, Pavel"]
[Result "1/2-1/2"]
[WhiteElo "2387"]
[BlackElo "2490"]
[Annotator "TA"]
[PlyCount "45"]
[EventDate "2017.??.??"]
[EventType "tourn"]
[EventCountry "POL"]
[SourceTitle "playchess.com"]
[Source "ChessBase"]
[SourceQuality "1"]

{[%evp 23,45,33,22,11,25,16,20,7,0,0,0,0,0,0,0,0,8,0,0,0,7,0,0,0]} 1. d4 d5 2. c4 dxc4 3. e3 e5 4. Bxc4 exd4 5. exd4 Bd6 6. Nf3 Nf6 7. O-O O-O 8. Nc3 Nc6 9. h3 h6 10. Qc2 {D20: Queen's Gambit Accepted: 3 e3 and 3 e4} (10. Re1 Bf5 11. a3 Re8 12. Rxe8+ Qxe8 13. Nb5 Qd7 14. Nxd6 Qxd6 15. Qb3 Be6 16. Bxe6 fxe6 17. Bf4 Qd5 18. Qxb7 Nxd4 19. Qxd5 Nxd5 20. Nxd4 Nxf4 {½-½ (59) Zvjaginsev,V (2673)-Popov,I (2596) Moscow 2016}) 10... Nb4 11. Qb1 Be6 12. Bxe6 fxe6 {LiveBook: 23 Games} 13. a3 Nbd5 14. Re1 Qe8 {The position is equal.} 15. Qd3 Qf7 16. Bd2 Nh5 $146 ({Predecessor:} 16... c6 17. Re2 Nh5 18. Nxd5 exd5 {½-½ (33) Correa de Almeida,C (1626)-Oliger,M (1751) LSS email 2013}) 17. Qe4 Nhf4 18. Bxf4 $1 Nxf4 19. Re3 Nd5 20. Re2 Nf4 21. Re3 Nd5 22. Re2 Nf4 23. Re3 1/2-1/2

[Event "XXXIII Lower Silesian Cup 2017"]
[Site "Legnica"]
[Date "2017.12.13"]
[Round "9"]
[White "Tomczak, Mikolaj"]
[Black "Simantsev, Mikhail"]
[Result "1/2-1/2"]
[WhiteElo "2372"]
[BlackElo "2490"]
[Annotator "TA"]
[PlyCount "54"]
[EventDate "2017.??.??"]
[EventType "tourn"]
[EventCountry "POL"]
[SourceTitle "playchess.com"]
[Source "ChessBase"]
[SourceQuality "1"]

{[%evp 22,54,28,30,22,11,19,21,46,48,65,64,34,-3,0,0,0,0,0,0,0,0,0,0,0,0,0,0,0,-214,0,0,0,-212,0]} 1. d4 Nf6 2. c4 e6 3. Nc3 Bb4 4. Qc2 O-O 5. a3 Bxc3+ 6. Qxc3 d5 7. Bg5 dxc4 {E36: Nimzo-Indian: Classical: 4...d5 5 a3} 8. Qxc4 b6 9. Nf3 Ba6 10. Qa4 Qd7 11. Qc2 c5 12. Bxf6 {LiveBook: 20 Games} gxf6 13. dxc5 Rc8 14. Qe4 Qb5 15. b4 {Strongly threatening e3.} ({Not} 15. Qxa8 Qxb2 16. Rd1 Nc6 $17) 15... bxc5 {[#]} 16. e3 $146 ({And not} 16. Qxa8 Qc4 $17) 16... Qb6 17. bxc5 (17. Qxa8 $2 {is the wrong capture.} Bb7 $19) (17. Bxa6 {is more complex.} Nxa6 18. Qg4+ Kh8 19. Qh4 e5 20. b5) 17... Qa5+ 18. Qb4 Qxc5 19. Qxc5 Rxc5 20. Bxa6 Nxa6 21. Nd4 Nc7 22. Ke2 $36 {[%mdl 2048] White is more active.} Nb5 23. Nxb5 Rxb5 24. Rhd1 Rc8 25. Rh1 $2 {[#]} (25. Ra2 $11 {and White stays safe.}) 25... Ra8 $2 (25... Rc2+ $19 26. Kf3 Rf5+ 27. Kg3 Rfxf2) 26. Rhd1 $2 (26. Rhb1 $11 {and White is okay.} Rd5 27. h4) 26... Rc8 $19 27. Rh1 Ra8 $2 {Precision: White = 80%, Black = 57%.} (27... Rc2+ $19 28. Kf3 Rf5+ 29. Kg3 Rfxf2) 1/2-1/2